Mamita Yunai /

Spremljeno u:
Bibliografski detalji
Glavni autor: Fallas Sibaja, Carlos Luis, 1909-1966
Format: Nepoznato
Jezik:Spanish
Izdano: San José, Costa Rica : [editor no identificado], 1970.
Teme:
Oznake: Dodaj oznaku
Bez oznaka, Budi prvi tko označuje ovaj zapis!

MARC

LEADER 000000000a22000000004500
001 003314
041 0 |a spa 
082 0 4 |a CR863.4   |b F195mm 
100 1 |a Fallas Sibaja, Carlos Luis,   |d 1909-1966 
245 1 0 |a Mamita Yunai /   |c Carlos Luis Fallas Sibaja. 
260 1 |a San José, Costa Rica :   |b [editor no identificado],   |c 1970. 
300 |a 222 páginas 
650 4 |a LITERATURA COSTARRICENSE 
650 4 |a NOVELA COSTARRICENSE 
999 |c 9563  |d 9563 
942 |c BK  |h CR863.4 F195mm  |2 z